| 000 | 00574cam a2200181 a 4500 | ||
|---|---|---|---|
| 020 | _a0834803003 : | ||
| 040 | _cDLC | ||
| 082 | 0 | 0 | _a796 WEA 1994 A085 Or. |
| 100 | 1 | _aSuino, Nicklaus. | |
| 245 | 1 | 4 |
_aThe art of Japanese swordsmanship : _ba manual of Eishin-Ryu iaido / |
| 250 | _a1st ed. | ||
| 260 |
_aNew York : _bWeatherhill, _c1994. |
||
| 300 |
_axi, 251 p. : _bill. ; _c26 cm. |
||
| 650 | 0 | _aIaido. | |
| 856 | 4 | 2 | _uhttp://www.loc.gov/catdir/enhancements/fy0664/93040459-b.html |
| 856 | 4 | 2 | _uhttp://www.loc.gov/catdir/enhancements/fy0664/93040459-d.html |
| 942 | _cEK | ||
| 999 |
_c12199 _d12199 |
||